| 000 | 00607ntaaa2200193 4500 | ||
|---|---|---|---|
| 003 | 01 | ||
| 005 | 20251027202247.0 | ||
| 008 | 0714s1973 ag 01 | ||
| 040 |
_aAR-BaBN _bspa _cAR-BaBN _eaacr _dRIC |
||
| 082 | _a268.4320 L56 | ||
| 100 |
_aLerín, Olivia S. D. de _920721 |
||
| 245 | _aEl principiante y su maestro | ||
| 250 | _a1 ed. | ||
| 260 |
_aEl Paso : _bCasa bautista de Publicaciones, _c1965 |
||
| 300 | _a96 p | ||
| 500 | _aEj. 1 (17675) retirado definitivamente de biblioteca 8/L77Ej. 2 (17676) falta según inventario 1980 | ||
| 650 |
_aeducación cristiana-principiantes _921000 |
||
| 942 | _cBK | ||
| 999 |
_c17390 _d17390 |
||